000 00301 a2200133 4500
001 194951
040 _cMagnum
100 _aHans Christian Andersen
240 1 0 _aA roupa nova do imperador
_lpor
245 1 0 _aA roupa nova do imperador
300 _a31
697 _aLITERATURA INFANTO
942 _cBK
999 _c194951
_d194951